| 000 | 00653nam a2200205 i 4500 | ||
|---|---|---|---|
| 001 | 111226 | ||
| 003 | ES-MaACL | ||
| 005 | 20230906185251.0 | ||
| 007 | t| | ||
| 008 | 061121s1919 py |||| | spa d | ||
| 100 | 1 |
_aO'Leary, Juan E. ( _d1879-1969) _986341 |
|
| 245 | 1 | 0 |
_aNuestra epopeya _b: (Guerra del Paraguay) / _cJuan O'Leary ; juicio de José Enrique Rodo. |
| 260 |
_aAsunción : _bLa Mundial, _c1919. |
||
| 300 |
_a648 p. ; _c19 cm. |
||
| 650 | 0 | 4 |
_aGuerra del Paraguay, 1865-1870. _913201 |
| 700 | 1 |
_aRodó, José Enrique _d1871-1917 _998152 |
|
| 852 |
_aES-MaACL _jF-7234 |
||
| 852 |
_aES-MaACL _jB-4223 |
||
| 999 |
_c111226 _d111226 |
||